Trends in Developing Economies 1994
Uložené v:
| Médium: | Kniha |
|---|---|
| Jazyk: | English |
| Vydavateľské údaje: |
Washington
The World Bank
1994
|
| Vydanie: | 1. ed. |
| Edícia: | <A> World Bank Book
|
| Predmet: | |
| Tagy: |
Žiadne tagy, Buďte prvý, kto otaguje tento záznam!
|
MARC
| LEADER | 00000nam a2200000 4500 | ||
|---|---|---|---|
| 001 | c006019 | ||
| 005 | 20221205141133.0 | ||
| 020 | |a 0-8213-2909-X | ||
| 041 | 0 | |a eng | |
| 044 | |a US | ||
| 245 | 1 | 0 | |a Trends in Developing Economies 1994 |
| 250 | |a 1. ed. | ||
| 264 | 1 | |a Washington |b The World Bank |c 1994 | |
| 300 | |a 565 s. | ||
| 490 | 1 | |a <A> World Bank Book | |
| 830 | 0 | |a <A> World Bank Book | |
| 610 | 2 | 0 | |a hospodárstvo národné |
| 610 | 2 | 0 | |a hospodárstvo regionálne |
| 610 | 2 | 0 | |a produkt domáci hrubý |
| 610 | 2 | 0 | |a ceny |
| 610 | 2 | 0 | |a financie |
| 610 | 2 | 0 | |a chudoba |
| 610 | 2 | 0 | |a obchod |
| 610 | 2 | 0 | |a dlhy štátne |
| 610 | 2 | 0 | |a krajiny rozvojové |
| 610 | 2 | 0 | |a rozvoj hospodársky |
| 610 | 2 | 0 | |a zabezpečenie sociálne |
| 610 | 2 | 0 | |a solventnosť |